A study into the recovery of heat from power generation in Scotland (Record no. 112913)

MARC details
000 -LEADER
fixed length control field 00906cad a22001935a 4500
001 - CONTROL NUMBER
control field E154258
008 - FIXED-LENGTH DATA ELEMENTS--GENERAL INFORMATION
fixed length control field 111108s2011 xxk f s000 0 eng d
020 ## - INTERNATIONAL STANDARD BOOK NUMBER
International Standard Book Number 9781780454894
035 ## - SYSTEM CONTROL NUMBER
System control number (Sirsi) u154258
041 0# - LANGUAGE CODE
Language code of text/sound track or separate title eng
110 2# - MAIN ENTRY--CORPORATE NAME
Corporate name or jurisdiction name as entry element AEA Group
9 (RLIN) 5984
245 02 - TITLE STATEMENT
Title A study into the recovery of heat from power generation in Scotland
Medium [electronic resource]
260 ## - PUBLICATION, DISTRIBUTION, ETC.
Place of publication, distribution, etc. Edinburgh
Name of publisher, distributor, etc. Scottish Government
Date of publication, distribution, etc. 2011
520 ## - SUMMARY, ETC.
Summary, etc. Looks at the possibility of recovering heat from large scale power stations to provide heating through local district heat networks. The research focuses on four power stations sites in Scotland: Longannet; Cockenzie; Hunterston; and Peterhead.
651 #4 - SUBJECT ADDED ENTRY--GEOGRAPHIC NAME
Geographic name Scotland
Chronological subdivision 1999-
690 ## - LOCAL SUBJECT ADDED ENTRY--TOPICAL TERM (OCLC, RLIN)
Topical term or geographic name as entry element ENVIRONMENTAL AND LAND CONSULTANCY-ENERGY
856 40 - ELECTRONIC LOCATION AND ACCESS
Uniform Resource Identifier <a href="https://www.scotland.gov.uk/Publications/2011/11/04102846/0">https://www.scotland.gov.uk/Publications/2011/11/04102846/0</a>
Public note View the research free of charge at www.scotland.gov.uk
942 ## - ADDED ENTRY ELEMENTS (KOHA)
Suppress in OPAC 0
Holdings
Withdrawn status Lost status Source of classification or shelving scheme Damaged status Not for loan Home library Current library Shelving location Date acquired Total Checkouts Full call number Barcode Date last seen Copy number Price effective from Koha item type
    Dewey Decimal Classification     Virtual Virtual Online 08/11/2011   ONLINE PUBLICATION 154258-2001 06/08/2019 1 06/08/2019 Book